昼夜間人口比率の高い市町村 - Statistics

General Stats
  • This quiz has been taken 199 times
  • The average score is 12 of 50
Answer Stats
順位 都道府県 市町村 昼夜間人口比率 % Correct
26 東京都 特別区部 132.229
66%
2 愛知県 飛島村 321.989
64%
1 福島県 大熊町 687.958
62%
4 福島県 浪江町 219.501
57%
25 大阪府 大阪市 132.463
54%
5 福島県 富岡町 219.361
44%
13 神奈川県 箱根町 161.091
42%
16 福島県 楢葉町 152.534
41%
10 青森県 六ヶ所村 177.168
40%
3 栃木県 芳賀町 225.640
38%
28 宮城県 女川町 131.275
38%
34 福島県 広野町 124.132
38%
32 千葉県 成田市 125.434
36%
6 京都府 久御山町 206.551
33%
48 山梨県 忍野村 118.393
30%
9 福島県 飯舘村 179.818
28%
12 北海道 泊村 164.245
28%
37 福岡県 苅田町 123.349
27%
15 滋賀県 竜王町 156.561
26%
7 福島県 葛尾村 205.476
25%
47 神奈川県 厚木市 119.888
25%
11 千葉県 芝山町 172.501
24%
30 佐賀県 玄海町 126.992
24%
29 山梨県 昭和町 128.304
23%
36 愛知県 刈谷市 123.510
23%
24 新潟県 聖籠町 133.600
22%
23 愛知県 豊山町 134.164
21%
21 神奈川県 中井町 136.183
20%
8 宮城県 大衡村 192.631
19%
17 愛知県 大口町 145.262
18%
38 長野県 軽井沢町 123.259
17%
45 滋賀県 多賀町 120.264
17%
42 愛知県 小牧市 120.963
16%
14 茨城県 五霞町 158.384
15%
20 沖縄県 恩納村 137.409
15%
44 宮城県 大和町 120.548
15%
50 香川県 直島町 117.499
14%
19 福岡県 宮若市 140.646
13%
43 秋田県 大潟村 120.591
12%
18 福岡県 久山町 141.365
11%
27 熊本県 嘉島町 131.507
9%
39 福島県 泉崎村 123.177
9%
35 沖縄県 西原町 123.837
8%
22 福島県 磐梯町 136.033
6%
31 山梨県 早川町 126.867
6%
40 北海道 留寿都村 122.083
6%
33 東京都 青ヶ島村 124.260
5%
46 埼玉県 三芳町 119.941
5%
49 岩手県 金ケ崎町 118.346
5%
41 北海道 厚真町 121.367
3%
No matching quizzes found
Score Distribution
Percent of People with Each Score
Percentile by Number Answered
Your Score History
You have not taken this quiz